The business of tourism /
An introduction to tourism. The history of tourism. Tourism in the twentieth century. The economics of tourism. Tourist motivation and behavior. The structure and organisation of the travel and tourism industry. Passenger transport: the aviation industry. Waterborne passenger transport...
Wedi'i Gadw mewn:
| Prif Awdur: | |
|---|---|
| Fformat: | Llyfr |
| Iaith: | English |
| Cyhoeddwyd: |
Harlow, Essex, England :
Longman,
1998.
|
| Rhifyn: | 5th ed. |
| Pynciau: | |
| Tagiau: |
Ychwanegu Tag
Dim Tagiau, Byddwch y cyntaf i dagio'r cofnod hwn!
|
| Thư viện lưu trữ: | Mạng thư viện Đại học Đà Nẵng |
|---|
| LEADER | 01126cam a2200337 i 4500 | ||
|---|---|---|---|
| 001 | 000048557 | ||
| 003 | 8279 | ||
| 005 | 20030310083746.0 | ||
| 008 | 010316|1998 vm 000 eng | ||
| 020 | |a 0582328810 | ||
| 040 | |a IRC |c IRC |d IRC | ||
| 041 | 0 | |a eng | |
| 082 | 1 | 4 | |a 338.4791 |b HO-J |
| 100 | 1 | |a Holloway, J. Christopher. | |
| 245 | 0 | 4 | |a The business of tourism / |c J. Christopher Holloway. |
| 250 | |a 5th ed. | ||
| 260 | |a Harlow, Essex, England : |b Longman, |c 1998. | ||
| 300 | |a xii, 350 p. : |b ill., maps ; |c 24.5cm. | ||
| 520 | 3 | |a An introduction to tourism. The history of tourism. Tourism in the twentieth century. The economics of tourism. Tourist motivation and behavior. The structure and organisation of the travel and tourism industry. Passenger transport: the aviation industry. Waterborne passenger transport... | |
| 630 | 0 | 4 | |a Tourism. |
| 650 | 0 | 4 | |a Tourism. |
| OWN | |a DUT | ||
| 999 | |a From the UDN01 | ||
| TYP | |a Monograph | ||
| TYP | |a Printed language | ||
| 980 | |a Mạng thư viện Đại học Đà Nẵng | ||


